| 000 | 00714nam a2200169 4500 | ||
|---|---|---|---|
| 008 | 121504220042004ch b 0chi | ||
| 020 | _a9570471468 :HK158/Php998.11 | ||
| 090 |
_aBJ1251 _bG86m |
||
| 100 | 1 |
_a史丹利.葛倫斯 Grenz, Stanley J. _q(Stanley James), _d1950- |
|
| 245 | 1 | 4 |
_a基督教倫理學導論The moral quest {ch} : _bfoundations of Christian ethics / _c史丹利.葛倫斯 Stanley J. Grenz. |
| 260 |
_aTaipei : _b中华福音神学院 China Evangelical Seminary, _cc2004. |
||
| 300 | _a396 p. | ||
| 504 | _aIncludes bibliographical references and indexes. | ||
| 650 | 4 | _aChristian ethics {ch}. | |
| 951 |
_pC-5815 _x00030396 _oBJ1251/G86m _j070613111434187 _d2000-12-21 _cCH |
||
| 999 |
_c22206 _d22206 |
||